| 000 | 00773nam a22002177a 4500 | ||
|---|---|---|---|
| 003 | OSt | ||
| 005 | 20251120085248.0 | ||
| 008 | 251120b |||||||| |||| 00| 0 eng d | ||
| 020 | _a0-8016-6667-8 | ||
| 040 |
_aDWC-Main lib _cOC |
||
| 082 | _aCirc. 610.73 P866 1993 | ||
| 100 | _aPotter, P. | ||
| 245 |
_aFundamentals of nursing : _b concepts, process and practice, 3rd _cPotter, Patricia A. |
||
| 260 |
_aMissouri : _bMosby Year Book, Inc., _cc1993 |
||
| 300 |
_axxxii, 1769 pages : _bcolored illustration : _c 27 cm. |
||
| 504 | _aIncludes bibliographical references and index | ||
| 650 | _2Nursing | ||
| 650 | _2Nursing Care | ||
| 700 | _aPerry, Anne G. | ||
| 942 |
_2ddc _cBK-CIRC _e3rd edition _hCirc. 610.73 P866 1993 _kCirc. _n0 |
||
| 999 |
_c5838 _d5838 |
||